Los procesos de José Antonio / (Record no. 127796)

MARC details
000 -LEADER
campo de control de longitud fija 00727nam a2200205 i 4500
001 - NÚMERO DE CONTROL
campo de control 127796
003 - IDENTIFICADOR DE NÚMERO DE CONTROL
campo de control ES-MaACL
005 - FECHA Y HORA DE LA ÚLTIMA TRANSACCIÓN
campo de control 20230906193103.0
007 - CAMPO FIJO DE DESCRIPCIÓN FÍSICA--INFORMACIÓN GENERAL
campo de control de longitud fija t|
008 - DATOS DE LONGITUD FIJA--INFORMACIÓN GENERAL
campo de control de longitud fija 070214s1963 sp r ||||1| spa d
100 1# - ENTRADA PRINCIPAL--NOMBRE DE PERSONA
Nombre de persona Río Cisneros, Agustín del,
Fechas asociadas al nombre 1909-1992
9 (RLIN) 97318
245 14 - MENCIÓN DEL TÍTULO
Título Los procesos de José Antonio /
Mención de responsabilidad, etc. Agustín del Río Cisneros, Enrique Pavón Pereyra.
260 ## - PUBLICACIÓN, DISTRIBUCIÓN, ETC.
Lugar de publicación, distribución, etc. Madrid :
Nombre del editor, distribuidor, etc. Ediciones del Movimiento,
Fecha de publicación, distribución, etc. 1963.
300 ## - DESCRIPCIÓN FÍSICA
Extensión XXIV, 426 p., [22] h. de lám. ;
Dimensiones 24 cm.
600 17 - PUNTO DE ACCESO ADICIONAL DE MATERIA--NOMBRE DE PERSONA
Nombre de persona Primo de Rivera, José Antonio,
Fechas asociadas al nombre 1903-1936-
Subdivisión general Procesos
Fuente del encabezamiento o término
9 (RLIN) 154409
700 1# - ENTRADA AGREGADA--NOMBRE PERSONAL
Nombre de persona Pavón Pereyra, Enrique.
9 (RLIN) 89690
710 2# - ENTRADA AGREGADA--NOMBRE DE ENTIDAD CORPORATIVA
Nombre de entidad corporativa o nombre de jurisdicción como elemento de entrada Ediciones del Movimiento.
9 (RLIN) 171800
852 ## - LOCALIZACIÓN
Ubicación ES-MaACL
Número de control de estantería C-24066
Holdings
Estatus retirado Estado de pérdida Estado de daño No para préstamo Biblioteca de origen Biblioteca actual Ubicación en estantería Fecha de adquisición Fuente de adquisición Total de préstamos Signatura topográfica completa Código de barras Visto por última vez Precio de reemplazo Tipo de ítem Koha
        Biblioteca del Ateneo de Madrid Biblioteca del Ateneo de Madrid Depósito 2 17/01/2008     C-24066 1133107 23/02/2023 23/02/2023 Libro impreso